000 01377cam a22003011i 4500
003 SA-RiAUC
005 20241010085904.0
008 241008s1961 ua g 000 0 ara c
040 _aSA-JeALM
_bara
_cSA-RiAUC.
_erda
082 0 4 _a415.1
_qSA-RiAUC
090 _a415.1
_bع م ا
100 1 _aالعماري، علي محمد حسن،
_d1913-1998
_eمؤلف.
245 1 0 _aكشف الإبهام عن أوضح ابن هشام /
_cوضع علي محمد حسن العماري.
250 _aالطبعة الأولى.
264 1 _aالقاهرة :
_bمطبعة دار التأليف
_c1961
300 _a128 صفحة ؛
_c24 سم
336 _aنص
_btxt
_2rdacontent
_3كتاب
337 _aبدون وسيط
_bn
_2rdamedia
338 _aمجلد
_bnc
_2rdacarrier
650 7 _aاللغة العربية
_xنحو
_2aucsh
650 7 _aاللغة العربية
_xصرف
_2aucsh
700 1 2 _aابن هشام، عبد الله بن يوسف بن أحمد،
_d708-761 هجري.
_tأوضح المسالك إلى ألفية ابن مالك.
700 1 2 _aابن مالك، محمد بن عبد الله،
_d600-672 هجري.
_tألفية ابن مالك.
740 0 2 _aأوضح المسالك إلى ألفية ابن مالك.‏
740 0 2 _aألفية ابن مالك في النحو والصرف.
942 _2ddc
_cBOOK
_n0
949 _aSA-JeALM
_d241008
_umohamedma123
_n1
999 _c1149
_d1149